_Kenya Gazette Supplemnet acts 2007 the work injury benefits act 2007 Government printers (Record no. 14746)
[ view plain ]
| 000 -LEADER | |
|---|---|
| fixed length control field | 00361nam a2200109Ia 4500 |
| 008 - FIXED-LENGTH DATA ELEMENTS--GENERAL INFORMATION | |
| fixed length control field | 151021s9999 xx 000 0 und d |
| 245 ## - TITLE STATEMENT | |
| Title | _Kenya Gazette Supplemnet acts 2007 the work injury benefits act 2007 Government printers |
| 260 ## - PUBLICATION, DISTRIBUTION, ETC. (IMPRINT) | |
| Place of publication, distribution, etc. | Nairobi Government of Kenya 2007 |
| 300 ## - PHYSICAL DESCRIPTION | |
| Extent | 547p. |
| 650 ## - SUBJECT ADDED ENTRY--TOPICAL TERM | |
| Topical term or geographic name as entry element | _Injury act. |
| 980 ## - EQUIVALENCE OR CROSS-REFERENCE-SERIES STATEMENT--PERSONAL NAME/TITLE [LOCAL, CANADA] | |
| Personal name | ^d20140130 02:17:07^okorir |
No items available.